000
00340nam a2200145Ia 4500
008
150201s2006 xx 000 0 und d
082
_a
610.7367
_b
M06S
100
_a
SAMANT, KUSUM
245
_a
MEDICAL SURGICAL NURSING
250
_a
3RD
260
_b
VORA PUB.
_a
MUMBAI
_c
2006
300
_a
413
650
_a
SURGERY
942
_2
ddc
_c
BK
_0
13
999
_c
2345
_d
2345